000 00293nam a22001337a 4500
008 170620b xxu||||| |||| 00| 0 eng d
020 _a9781581152388
041 _aeng
080 _a94
100 _a18
101 _aSHH
245 _aTHE PSYCHOLOGY OF WAR
_cLESHAN.L
942 _2udc
_cBK
999 _c18299
_d18299